| 000 | 00636nam a2200193 4500 | ||
|---|---|---|---|
| 005 | 20260703100132.0 | ||
| 008 | 260703b |||||||| |||| 00| 0 eng d | ||
| 020 | _a3110081504 | ||
| 020 | _a3110981504 | ||
| 245 |
_aSpectral line shapes . _cedited by Regina J. Exton |
||
| 250 | _avolume 4 | ||
| 260 |
_aBerlin _bDeepak Publishing _c1986 |
||
| 300 |
_axv , 646p. _billus. |
||
| 440 | _aproceedings of the eighth international conference , Williamburg , Virginia , 9-13 june 1989. | ||
| 500 | _ait includes index | ||
| 650 | _aSpectral Line Broadening - Congresses | ||
| 650 | _aCollission Broadening - Congresses | ||
| 942 | _cBK | ||
| 999 |
_c41582 _d41582 |
||